000 00408nam a2200181Ia 4500
001 13687
005 20260306164819.0
008 260306t2008||||xx |||||||||||||| ||spa||
041 _aESP
082 _a005.13
_bJ36
100 _aJelen, Bill
_eAUT
245 0 _aExcel macros y VBA
260 _c2008
300 _a735 páginas :
_c22 cm.
650 _aGEN
654 _aCCC
942 _cLIB
_dJUS
_fJUS
_2ddc
_n
999 _c13687
_d13687